| 000 | 01272nam a22002537a 4500 | ||
|---|---|---|---|
| 999 |
_c60140 _d60140 |
||
| 003 | Ge_BSU | ||
| 005 | 20230612161038.0 | ||
| 008 | 230612s1997 ge ||||| |||| 00| 0 geo d | ||
| 041 | _ageo | ||
| 080 | _a736.2 ნ-69 | ||
| 100 |
_aნიჟარაძე-მაჭავარიანი, ჟუჟუნა _918646 |
||
| 245 |
_aმოგზაურობა ქვის საოცარ სამყაროში / _cჟუჟუნა ნიჟარაძე-მაჭავარიანი;სპეც. რედ. ციალა სვანიძე. |
||
| 264 |
_aთბილისი, _c1997. |
||
| 300 |
_a248გვ. : _bცხრ. ; _c20სმ. |
||
| 504 | _a ბიბლიოგრ.: გვ. 244-245. | ||
| 653 | _aქვის მხატვრული დამუშავება | ||
| 653 | _aძვირფასი ქვები | ||
| 653 | _aსამკურნალო ქვები | ||
| 653 | _aძვირფასი და ნახევრად ძვირფასი ქვები | ||
| 653 | _aსამშენებლო ქვები | ||
| 653 | _aჰოროსკოპები | ||
| 700 |
_aსვანიძე, ციალა _eრედაქტორი _918647 |
||
| 942 |
_2udc _cBK |
||